000 00542nam a2200181Ia 4500
999 _c34279
_d34279
003 OSt
005 20200909102054.0
008 190216s9999||||xx |||||||||||||| ||und||
020 _a9788131509562
040 _coclc
082 _a621.381
_bBIG/D
100 _aBignell, James
_94511
245 0 _aDigital Electronics Logic And Systems /
_cJames Bignell ; Robert Donovan
260 _bCengage Learning,
_c2007.
_aNew Delhi:
300 _a601p
650 _aPhysics
942 _cBK
_2ddc
_h621.381
_iBIG/D
_k621.381
_mBIG/D